000
00287nam a22001217a 4500
008
181030b xxu||||| |||| 00| 0 eng d
041
_a
eng
080
_2
5th
_a
038
100
_a
23
101
_a
ENC
245
_a
Van Nostrand's Scientific Encyclopedia
_c
Considine,D,N
942
_2
udc
_c
BK
999
_c
51067
_d
51067